000 00510nas a2200193 a 4500
001 000037305
003 DO-SdBNP
005 20240917122710.0
008 120323c20119999dr qr1p dd 0 0spa d
040 _aDO-SdBNP
_bspa
_cBNPHU
_erda
043 _anwdr
245 1 0 _aInformativo SNA.
260 _aSanto Domingo :
_bAGN,
_c2011.
300 _av. :
_bil. ;
_c29 cm.
310 _aTrimestral
362 1 _aAño 1, no. 5, octubre - diciembre 2011
500 _aBoletín, Informativo SNA,
942 _2ddc
_cISSUE
999 _c36795
_d36795